Walking Dead Characters (Seasons 1-6) Extremely Hard - Statistics

General Stats
  • This quiz has been taken 4,213 times
  • The average score is 66 of 247
Answer Stats
Answers % Correct
Rick Grimes
99%
Carl Grimes
98%
Daryl Dixon
95%
Lori Grimes
95%
Carol Peletier
93%
Glenn Rhee
93%
Shane Walsh
93%
Maggie Greene
92%
Andrea
90%
Beth Greene
89%
Hershel Greene
89%
Merle Dixon
89%
Dale Hovarth
86%
Amy
83%
Michonne
82%
Sophia Peletier
82%
The Governor
82%
Theodore "T-Dog" Douglas
81%
Ed Peletier
80%
Negan
80%
Abraham Ford
79%
Jim
76%
Rosita Espinosa
76%
Sasha Williams
76%
Morgan Jones
75%
Eugene Porter
74%
Judith Grimes
72%
Tyreese Williams
72%
Otis
71%
Tara Chambler
71%
Bob Adams
63%
Bob Lamson
63%
Bob Miller
63%
Bob Stookey
63%
Jacqui
60%
Paul "Jesus" Rovia
60%
Aaron
58%
Jimmy
58%
Patricia
58%
Father Gabriel Stokes
57%
Dr Edwin Jenner
56%
Dwight
55%
Sam
55%
Sam Anderson
55%
Deanna Monroe
53%
Enid
52%
Duane Jones
51%
Noah
51%
Jessie Anderson
50%
Morales
50%
Ron Anderson
50%
Spencer Monroe
50%
Pete
48%
Pete Anderson
48%
Pete Dolgen
48%
Lizzie Samuels
47%
Axel
45%
Gareth
44%
Mika Samuels
43%
Randall
43%
Martin
42%
Greg
41%
Lilly Chambler
41%
Caesar Martinez
39%
Dawn Lerner
39%
Eric
39%
Eric Raleigh
39%
Milton Mamet
38%
Karen
36%
Denise Cloyd
35%
Oscar
35%
Reg Monroe
35%
David
33%
David Chambler
33%
Joe
33%
Meghan Chambler
32%
Olivia
32%
Aiden Monroe
31%
Gregory
31%
Ben
30%
Andrew
29%
Nicholas
29%
Patrick
29%
Paul
28%
Dave
27%
Tomas
27%
Big Tiny
26%
Mary
26%
Tony
25%
Heath
24%
Penny Blake (Walker)
24%
Tobin
24%
Henry
23%
Mike
23%
Alex
22%
Dan
22%
Jenny Jones (Walker)
21%
Shawn Greene (Walker)
21%
Tim
21%
Lou
20%
Shumpert
20%
Allen
19%
Kal
19%
Zach
19%
Bill Jenkins (Walker)
18%
Dr Steven Edwards
18%
Donna
17%
Guillermo
17%
Luke
17%
Eliza Morales
16%
Michael Coleman
16%
Mitch Dolgen
16%
Eastman
15%
Louis Morales
15%
Nick (Walker)
15%
Ryan Samuels
15%
Vi
15%
Ana
14%
Len
14%
Miranda Morales
14%
Molly
14%
Richard Foster
14%
Scott
14%
Thomas
14%
Leon Basset
13%
Sean
13%
Will
13%
Caleb Subramanian
12%
Eryn
12%
Francine
12%
Terry
12%
Alisha
11%
Haley
11%
Amanda Shepherd
10%
Andy
10%
Anna
10%
Annie
10%
Barbara
10%
Billy
10%
Bruce
10%
Carter
10%
Felipe
10%
Gavin Trevitt
10%
Jeanette
10%
Miguel
10%
Paula
10%
Tina
10%
Wolves
10%
Abuela
9%
Annette Greene (Walker)
9%
Charlie
9%
Clara
9%
Crowley
9%
Gargulio
9%
Gorman
9%
Harlan Carson
9%
Joan
9%
Theresa
9%
Candace Jenner (Dead)
8%
Ethan
8%
Harley
8%
Jody
8%
Jorge
8%
Lambert Kendal
8%
Nate
8%
Officer Licari
8%
Sergeant O'Donnell
8%
Tommy
8%
Wayne Dunlap (Walker)
8%
Albert
7%
Betty Coleman
7%
Franklin
7%
Josephine Greene (Dead)
7%
Kent
7%
Michelle
7%
Mikey
7%
Mrs Blake (Dead)
7%
Percy
7%
Arnold Greene (Walker)
6%
Bertie
6%
Brady
6%
Chloe
6%
Christopher
6%
Craig
6%
Doug (Walker)
6%
Eduardo
6%
Ellen Ford
6%
Freddie
6%
Lieutenant Welles
6%
Officer Alvarado
6%
Officer Bello
6%
Officer Franco
6%
Officer Jeffries
6%
Officer McGinley
6%
Officer Tanaka
6%
Rowan
6%
Shelley Neudermeyer
6%
Wilson
6%
AJ Ford
5%
Barnes
5%
Becca Ford
5%
Betsy
5%
Cam
5%
Donnie
5%
Dr Stevens
5%
Eileen
5%
Julio
5%
Louise Bush (Walker)
5%
Neil
5%
Noris
5%
Primo
5%
Sturgess
5%
Aphid
4%
Becky
4%
Bud
4%
Captain Hanson (Dead)
4%
Crystal
4%
Mr Jacobson
4%
Mrs Foster
4%
Mr Siggard (Dead)
4%
Mrs Siggard (Dead)
4%
Ms McLeod
4%
Natalie Miller
4%
Ross
4%
Stacy
4%
Wade
4%
Wesley
4%
Big Tony (Walker)
3%
Crighton Dallas Wilton
3%
Duncan (Walker)
3%
Gloria
3%
Honey
3%
Lacey (Walker)
3%
Marsha
3%
Mr Fischer (Walker)
3%
Mrs Fischer (Walker)
3%
Richards
3%
Robbie
3%
The Hermit
3%
Cynthia
2%
Eisenberg
2%
Rory
2%
No matching quizzes found
Score Distribution
Percent of People with Each Score
Percentile by Number Answered
Your Score History
You have not taken this quiz